| 000 | 00370nam a2200133Ia 4500 | ||
|---|---|---|---|
| 008 | 240624s9999 xx 000 0 und d | ||
| 041 | _aeng | ||
| 082 | _a658.4012 SIC | ||
| 100 | _aSICILIANO JULIE | ||
| 245 | _aSTRATEGIZE EXPERIENTIAL EXCERCISES IN ST | ||
| 260 |
_c2002 _aAustralia _bSouth Western Thomson Learning |
||
| 300 | _ax, : 182 : p. : cm. ; 27 | ||
| 365 | _b30 | ||
| 999 |
_c16456 _d16456 |
||